[Event "World Chess Olympiad 2018"]
[Site "Batumi"]
[Date "2018.10.05"]
[Round "11"]
[Board "3"]
[WhiteFideId "912123"]
[White "Nenezic Marko"]
[BlackFideId "13401653"]
[Black "Mamedov Rauf"]
[Result "0-1"]
[LiveChessVersion "1.4.8"]
[BlackElo "2699"]
[WhiteElo "2495"]

1. Nf3 {[%clk 1:30:45]} Nf6 {[%clk 1:30:57]} 2. c4 {[%clk 1:30:53]} c6
{[%clk 1:31:24]} 3. d4 {[%clk 1:30:49]} d5 {[%clk 1:31:49]} 4. e3
{[%clk 1:30:47]} Bf5 {[%clk 1:32:15]} 5. Nc3 {[%clk 1:31:00]} e6 {[%clk 1:32:42]}
6. Bd3 {[%clk 1:27:03]} Bxd3 {[%clk 1:32:17]} 7. Qxd3 {[%clk 1:27:26]} Bb4
{[%clk 1:32:38]} 8. O-O {[%clk 1:27:28]} O-O {[%clk 1:33:06]} 9. Bd2
{[%clk 1:26:07]} Ba5 {[%clk 1:33:21]} 10. a3 {[%clk 1:24:03]} Nbd7
{[%clk 1:30:46]} 11. Rfe1 {[%clk 1:18:15]} h6 {[%clk 1:25:17]} 12. Rad1
{[%clk 1:17:33]} a6 {[%clk 1:15:38]} 13. b4 {[%clk 1:09:31]} Bc7 {[%clk 1:16:04]}
14. e4 {[%clk 1:09:48]} Nb6 {[%clk 1:16:32]} 15. c5 {[%clk 1:09:19]} dxe4
{[%clk 1:13:16]} 16. Nxe4 {[%clk 1:09:41]} Nbd5 {[%clk 1:11:48]} 17. Ng3
{[%clk 1:05:35]} Ne7 {[%clk 1:00:59]} 18. Qb3 {[%clk 0:52:56]} Qd5
{[%clk 0:59:06]} 19. Qxd5 {[%clk 0:53:19]} Nfxd5 {[%clk 0:57:53]} 20. a4
{[%clk 0:51:49]} Rfd8 {[%clk 0:54:53]} 21. Rb1 {[%clk 0:49:53]} b5
{[%clk 0:46:59]} 22. a5 {[%clk 0:36:09]} Nf6 {[%clk 0:39:43]} 23. Bc3
{[%clk 0:32:09]} Rd5 {[%clk 0:34:51]} 24. Ne5 {[%clk 0:25:25]} Rad8
{[%clk 0:32:08]} 25. h3 {[%clk 0:21:44]} Bb8 {[%clk 0:27:35]} 26. Ba1
{[%clk 0:20:26]} Nd7 {[%clk 0:23:41]} 27. Nf3 {[%clk 0:19:31]} Nf8
{[%clk 0:21:02]} 28. Ne4 {[%clk 0:17:17]} f6 {[%clk 0:21:08]} 29. h4
{[%clk 0:14:12]} Kf7 {[%clk 0:18:28]} 30. g3 {[%clk 0:10:37]} g5 {[%clk 0:12:47]}
31. hxg5 {[%clk 0:10:18]} hxg5 {[%clk 0:13:14]} 32. Nfd2 {[%clk 0:09:04]} R5d7
{[%clk 0:08:48]} 33. Nxf6 {[%clk 0:05:34]} Kxf6 {[%clk 0:08:32]} 34. d5+
{[%clk 0:05:59]} Kf7 {[%clk 0:04:25]} 35. d6 {[%clk 0:06:14]} Bxd6
{[%clk 0:04:23]} 36. cxd6 {[%clk 0:06:25]} Rxd6 {[%clk 0:04:51]} 37. Ne4
{[%clk 0:05:00]} Rd5 {[%clk 0:05:17]} 38. Bf6 {[%clk 0:04:01]} Nd7
{[%clk 0:03:24]} 39. Bxg5 {[%clk 0:03:43]} Rg8 {[%clk 0:03:17]} 40. Bxe7
{[%clk 0:31:28]} Kxe7 {[%clk 0:33:44]} 41. Kg2 {[%clk 0:27:52]} c5
{[%clk 0:29:51]} 42. Rh1 {[%clk 0:17:51]} Rf8 {[%clk 0:20:15]} 43. Rh7+
{[%clk 0:15:23]} Rf7 {[%clk 0:20:38]} 44. Rh8 {[%clk 0:15:43]} Rf8
{[%clk 0:20:42]} 45. Rh7+ {[%clk 0:15:55]} Rf7 {[%clk 0:21:09]} 46. Rh8
{[%clk 0:16:14]} cxb4 {[%clk 0:15:09]} 47. Rxb4 {[%clk 0:12:17]} Rf8
{[%clk 0:10:10]} 48. Rh7+ {[%clk 0:12:36]} Rf7 {[%clk 0:10:38]} 49. Rh8
{[%clk 0:12:55]} Nc5 {[%clk 0:07:13]} 50. Ra8 {[%clk 0:11:52]} Rf8
{[%clk 0:07:27]} 51. Ra7+ {[%clk 0:10:10]} Rd7 {[%clk 0:07:53]} 52. Rxd7+
{[%clk 0:09:33]} Nxd7 {[%clk 0:08:20]} 53. Rb1 {[%clk 0:08:18]} Rc8
{[%clk 0:08:00]} 54. Rh1 {[%clk 0:07:48]} Nf6 {[%clk 0:04:01]} 55. Ng5
{[%clk 0:06:30]} b4 {[%clk 0:03:08]} 56. Re1 {[%clk 0:06:21]} Rc6
{[%clk 0:03:34]} 57. Nf3 {[%clk 0:05:56]} Nd5 {[%clk 0:02:05]} 58. Nd4
{[%clk 0:04:52]} Rc4 {[%clk 0:02:34]} 59. Nxe6 {[%clk 0:03:38]} Kd6
{[%clk 0:01:44]} 60. Ng5 {[%clk 0:03:07]} b3 {[%clk 0:02:00]} 61. Nf7+
{[%clk 0:02:01]} Kc5 {[%clk 0:02:08]} 62. Ne5 {[%clk 0:02:08]} Rc3
{[%clk 0:02:01]} 63. Rd1 {[%clk 0:01:28]} Rc2 {[%clk 0:00:56]} 64. Kh3
{[%clk 0:00:38]} Nc3 {[%clk 0:01:15]} 65. Rd8 {[%clk 0:00:40]} Kb4
{[%clk 0:01:10]} 66. g4 {[%clk 0:00:39]} Re2 {[%clk 0:01:06]} 67. Nd3+
{[%clk 0:00:45]} Ka3 {[%clk 0:01:23]} 68. g5 {[%clk 0:00:57]} Rd2
{[%clk 0:01:52]} 69. g6 {[%clk 0:00:39]} b2 {[%clk 0:02:21]} 70. Nxb2
{[%clk 0:00:35]} Rxd8 {[%clk 0:02:47]} 71. Nc4+ {[%clk 0:00:59]} Kb4
{[%clk 0:02:44]} 72. Ne5 {[%clk 0:01:26]} Rg8 {[%clk 0:03:11]} 73. f4
{[%clk 0:01:40]} Nd5 {[%clk 0:02:46]} 74. f5 {[%clk 0:01:46]} Kc5
{[%clk 0:02:32]} 75. Kg4 {[%clk 0:00:58]} Kd6 {[%clk 0:02:36]} 76. Nd3
{[%clk 0:00:51]} Rb8 {[%clk 0:02:18]} 77. Kg5 {[%clk 0:00:38]} Ke7
{[%clk 0:01:58]} 78. Nc5 {[%clk 0:00:36]} Rb1 {[%clk 0:02:18]} 79. Nxa6
{[%clk 0:00:45]} Rg1+ {[%clk 0:02:43]} 80. Kh6 {[%clk 0:00:58]} Kf6
{[%clk 0:03:10]} 81. Nc5 {[%clk 0:00:47]} Rh1# 0-1

[Event "World Chess Olympiad 2018"]
[Site "Batumi"]
[Date "2018.10.05"]
[Round "11"]
[Board "4"]
[WhiteFideId "13402129"]
[White "Safarli Eltaj"]
[BlackFideId "950122"]
[Black "Ivic Velimir"]
[Result "1-0"]
[LiveChessVersion "1.4.8"]
[BlackElo "2472"]
[WhiteElo "2676"]

1. e4 {[%clk 1:30:57]} c5 {[%clk 1:30:54]} 2. Nf3 {[%clk 1:31:18]} d6
{[%clk 1:31:18]} 3. Bb5+ {[%clk 1:30:45]} Nd7 {[%clk 1:31:40]} 4. c3
{[%clk 1:30:23]} Ngf6 {[%clk 1:31:40]} 5. Qe2 {[%clk 1:30:46]} a6
{[%clk 1:31:03]} 6. Ba4 {[%clk 1:31:10]} b5 {[%clk 1:27:24]} 7. Bc2
{[%clk 1:30:02]} e6 {[%clk 1:25:04]} 8. d4 {[%clk 1:28:38]} Bb7 {[%clk 1:22:00]}
9. O-O {[%clk 1:24:57]} Be7 {[%clk 1:21:06]} 10. Re1 {[%clk 1:21:15]} Qc7
{[%clk 1:14:11]} 11. Bd3 {[%clk 1:18:28]} O-O {[%clk 1:09:10]} 12. Bg5
{[%clk 1:15:30]} Rfe8 {[%clk 1:02:23]} 13. Nbd2 {[%clk 1:12:31]} h6
{[%clk 0:57:53]} 14. Bh4 {[%clk 1:09:10]} Nh5 {[%clk 0:57:38]} 15. Bxe7
{[%clk 1:08:24]} Rxe7 {[%clk 0:57:32]} 16. g3 {[%clk 1:08:40]} e5
{[%clk 0:37:06]} 17. dxe5 {[%clk 1:05:58]} dxe5 {[%clk 0:36:47]} 18. c4
{[%clk 1:00:19]} bxc4 {[%clk 0:30:13]} 19. Bxc4 {[%clk 0:58:21]} Nhf6
{[%clk 0:29:47]} 20. Rac1 {[%clk 0:57:04]} Nb6 {[%clk 0:23:19]} 21. Bb3
{[%clk 0:54:00]} a5 {[%clk 0:15:50]} 22. Qe3 {[%clk 0:50:44]} Rc8
{[%clk 0:15:26]} 23. a4 {[%clk 0:48:47]} Qc6 {[%clk 0:03:52]} 24. Rc2
{[%clk 0:45:02]} Nxa4 {[%clk 0:02:06]} 25. Nc4 {[%clk 0:40:53]} Nb6
{[%clk 0:01:52]} 26. Nfxe5 {[%clk 0:32:33]} Qc7 {[%clk 0:01:54]} 27. Nxb6
{[%clk 0:28:28]} Qxb6 {[%clk 0:01:59]} 28. Nc4 {[%clk 0:28:14]} Qb4
{[%clk 0:01:13]} 29. Nd6 {[%clk 0:27:56]} Rc6 {[%clk 0:00:34]} 30. Rc4
{[%clk 0:26:17]} Qb6 {[%clk 0:00:39]} 31. Nxb7 {[%clk 0:26:13]} Qxb7
{[%clk 0:00:39]} 32. e5 {[%clk 0:22:57]} Rb6 {[%clk 0:00:43]} 33. Bc2
{[%clk 0:22:37]} Nd7 {[%clk 0:00:32]} 34. Rd1 {[%clk 0:17:52]} Rxb2
{[%clk 0:00:34]} 35. Rxc5 {[%clk 0:15:40]} Rb5 {[%clk 0:00:46]} 36. Qd3
{[%clk 0:15:20]} Rxe5 {[%clk 0:00:34]} 37. Rxb5 {[%clk 0:14:43]} Rxb5
{[%clk 0:00:37]} 38. Qxd7 {[%clk 0:14:39]} 1-0

[Event "World Chess Olympiad 2018"]
[Site "Batumi"]
[Date "2018.10.05"]
[Round "11"]
[Board "1"]
[WhiteFideId "4201345"]
[White "Papaioannou Ioannis"]
[BlackFideId "2805677"]
[Black "Gelfand Boris"]
[Result "1-0"]
[LiveChessVersion "1.4.8"]
[BlackElo "2703"]
[WhiteElo "2634"]

1. d4 {[%clk 1:30:53]} Nf6 {[%clk 1:30:57]} 2. Nf3 {[%clk 1:31:13]} d5
{[%clk 1:31:06]} 3. c4 {[%clk 1:31:35]} e6 {[%clk 1:31:28]} 4. g3
{[%clk 1:31:55]} Bb4+ {[%clk 1:31:55]} 5. Bd2 {[%clk 1:32:17]} Be7
{[%clk 1:32:17]} 6. Bg2 {[%clk 1:32:33]} O-O {[%clk 1:32:32]} 7. O-O
{[%clk 1:32:56]} c6 {[%clk 1:32:47]} 8. Qc2 {[%clk 1:33:01]} Nbd7
{[%clk 1:31:48]} 9. Rd1 {[%clk 1:32:35]} b6 {[%clk 1:32:00]} 10. Bf4
{[%clk 1:32:46]} Bb7 {[%clk 1:32:09]} 11. Ne5 {[%clk 1:32:52]} Nxe5
{[%clk 1:31:34]} 12. dxe5 {[%clk 1:29:52]} Nd7 {[%clk 1:30:40]} 13. cxd5
{[%clk 1:28:24]} exd5 {[%clk 1:29:56]} 14. e4 {[%clk 1:26:35]} d4
{[%clk 1:29:22]} 15. Rxd4 {[%clk 1:22:40]} Bc5 {[%clk 1:29:39]} 16. Rd2
{[%clk 1:19:31]} Qe7 {[%clk 1:28:10]} 17. Nc3 {[%clk 1:18:57]} Nxe5
{[%clk 1:28:17]} 18. Rad1 {[%clk 1:18:34]} g5 {[%clk 1:21:33]} 19. Bxe5
{[%clk 1:16:08]} Qxe5 {[%clk 1:20:21]} 20. Bh3 {[%clk 1:13:34]} Be7
{[%clk 0:58:11]} 21. Bf5 {[%clk 1:07:03]} Rad8 {[%clk 0:57:12]} 22. Rd7
{[%clk 1:05:39]} Rxd7 {[%clk 0:47:03]} 23. Rxd7 {[%clk 1:05:41]} Rb8
{[%clk 0:47:32]} 24. Qd2 {[%clk 1:00:01]} Qf6 {[%clk 0:36:59]} 25. h4
{[%clk 0:52:35]} h6 {[%clk 0:32:44]} 26. hxg5 {[%clk 0:51:08]} hxg5
{[%clk 0:31:07]} 27. Qe2 {[%clk 0:50:52]} Bc8 {[%clk 0:23:26]} 28. Rxa7
{[%clk 0:51:01]} Bxf5 {[%clk 0:23:34]} 29. exf5 {[%clk 0:51:24]} Bb4
{[%clk 0:24:03]} 30. Qf3 {[%clk 0:46:02]} Bxc3 {[%clk 0:23:34]} 31. bxc3
{[%clk 0:46:26]} Re8 {[%clk 0:15:53]} 32. Kg2 {[%clk 0:45:04]} Rd8
{[%clk 0:16:16]} 33. Rc7 {[%clk 0:39:59]} Rd6 {[%clk 0:15:04]} 34. Qe4
{[%clk 0:39:52]} Kg7 {[%clk 0:10:30]} 35. Rc8 {[%clk 0:39:40]} c5
{[%clk 0:07:11]} 36. Qe8 {[%clk 0:39:07]} Kh6 {[%clk 0:07:02]} 37. Qf8+
{[%clk 0:39:02]} Kh5 {[%clk 0:07:26]} 38. Rc7 {[%clk 0:34:08]} Rd2
{[%clk 0:06:39]} 39. Qxf7+ {[%clk 0:31:40]} Qxf7 {[%clk 0:06:33]} 40. Rxf7
{[%clk 1:02:04]} Kg4 {[%clk 0:34:29]} 41. f6 {[%clk 0:57:24]} Kf5
{[%clk 0:31:20]} 42. Rb7 {[%clk 0:56:50]} Kxf6 {[%clk 0:31:25]} 43. Rxb6+
{[%clk 0:57:13]} Ke5 {[%clk 0:31:52]} 44. Rg6 {[%clk 0:56:28]} Ke4
{[%clk 0:27:08]} 45. c4 {[%clk 0:46:53]} Rxa2 {[%clk 0:23:44]} 46. Rxg5
{[%clk 0:46:58]} Kd4 {[%clk 0:23:54]} 47. Rg4+ {[%clk 0:46:36]} Kd3
{[%clk 0:23:45]} 48. Rf4 {[%clk 0:46:57]} Rc2 {[%clk 0:24:06]} 49. g4
{[%clk 0:46:59]} Rxc4 {[%clk 0:24:28]} 50. Rxc4 {[%clk 0:47:07]} Kxc4
{[%clk 0:24:55]} 51. g5 {[%clk 0:47:21]} 1-0

[Event "World Chess Olympiad 2018"]
[Site "Batumi"]
[Date "2018.10.05"]
[Round "11"]
[Board "2"]
[WhiteFideId "2806851"]
[White "Rodshtein Maxim"]
[BlackFideId "4202031"]
[Black "Banikas Hristos"]
[Result "1/2-1/2"]
[LiveChessVersion "1.4.8"]
[BlackElo "2601"]
[WhiteElo "2674"]

1. d4 {[%clk 1:30:57]} Nf6 {[%clk 1:30:50]} 2. c4 {[%clk 1:31:22]} e6
{[%clk 1:31:12]} 3. Nf3 {[%clk 1:31:37]} b6 {[%clk 1:31:30]} 4. g3
{[%clk 1:31:51]} Ba6 {[%clk 1:31:50]} 5. b3 {[%clk 1:32:08]} Bb4+
{[%clk 1:32:03]} 6. Bd2 {[%clk 1:32:33]} Be7 {[%clk 1:32:22]} 7. Nc3
{[%clk 1:32:53]} O-O {[%clk 1:32:38]} 8. Bg2 {[%clk 1:32:05]} c6 {[%clk 1:31:29]}
9. e4 {[%clk 1:31:39]} d5 {[%clk 1:31:53]} 10. exd5 {[%clk 1:31:46]} cxd5
{[%clk 1:32:18]} 11. Ne5 {[%clk 1:31:07]} Bb7 {[%clk 1:32:22]} 12. O-O
{[%clk 1:30:42]} Nc6 {[%clk 1:32:45]} 13. Bg5 {[%clk 1:26:29]} Rc8
{[%clk 1:29:29]} 14. Rc1 {[%clk 1:20:38]} Na5 {[%clk 1:20:23]} 15. cxd5
{[%clk 0:59:04]} Nxd5 {[%clk 1:17:22]} 16. Bxe7 {[%clk 0:53:02]} Nxe7
{[%clk 1:15:55]} 17. Bxb7 {[%clk 0:53:10]} Nxb7 {[%clk 1:16:20]} 18. Qf3
{[%clk 0:53:37]} Qxd4 {[%clk 1:04:53]} 19. Qxb7 {[%clk 0:52:58]} Qxe5
{[%clk 1:05:15]} 20. Qxe7 {[%clk 0:53:07]} Rxc3 {[%clk 1:05:26]} 21. Qxa7
{[%clk 0:53:05]} Rxc1 {[%clk 1:04:08]} 22. Rxc1 {[%clk 0:53:30]} Qd4
{[%clk 1:04:15]} 23. Qb7 {[%clk 0:51:32]} h5 {[%clk 0:58:40]} 24. h4
{[%clk 0:51:47]} g6 {[%clk 0:53:09]} 25. Kg2 {[%clk 0:49:15]} Rd8
{[%clk 0:48:04]} 26. a4 {[%clk 0:36:40]} Kg7 {[%clk 0:46:01]} 27. Rc7
{[%clk 0:34:46]} Qd5+ {[%clk 0:46:08]} 28. Qxd5 {[%clk 0:35:10]} Rxd5
{[%clk 0:46:35]} 29. Rb7 {[%clk 0:35:24]} Rd6 {[%clk 0:46:21]} 30. f4
{[%clk 0:34:18]} Kf6 {[%clk 0:39:46]} 31. Kf2 {[%clk 0:10:30]} e5
{[%clk 0:39:49]} 32. fxe5+ {[%clk 0:08:41]} Kxe5 {[%clk 0:40:16]} 33. Re7+
{[%clk 0:08:06]} Kf6 {[%clk 0:40:06]} 34. Re4 {[%clk 0:07:15]} Kf5
{[%clk 0:39:33]} 35. Ke3 {[%clk 0:06:48]} f6 {[%clk 0:39:11]} 36. Rf4+
{[%clk 0:06:13]} Ke5 {[%clk 0:39:37]} 37. Re4+ {[%clk 0:06:20]} Kf5
{[%clk 0:40:04]} 38. Rf4+ {[%clk 0:03:23]} Ke5 {[%clk 0:40:27]} 39. Rb4
{[%clk 0:02:10]} Kf5 {[%clk 0:40:21]} 40. Rd4 {[%clk 0:32:19]} Re6+
{[%clk 1:10:14]} 41. Kf3 {[%clk 0:31:41]} g5 {[%clk 1:09:30]} 42. Rd5+
{[%clk 0:31:58]} Kg6 {[%clk 1:09:44]} 43. Rb5 {[%clk 0:28:54]} Kh6 44. Rb4
{[%clk 0:14:31]} Kg6 {[%clk 1:06:09]} 45. Rd4 {[%clk 0:12:27]} Kf5
{[%clk 1:05:56]} 46. Rd5+ {[%clk 0:10:30]} Kg6 {[%clk 1:06:21]} 47. Rb5
{[%clk 0:08:18]} 1/2-1/2

[Event "World Chess Olympiad 2018"]
[Site "Batumi"]
[Date "2018.10.05"]
[Round "11"]
[Board "4"]
[WhiteFideId "2801990"]
[White "Smirin Ilia"]
[BlackFideId "4212312"]
[Black "Pavlidis Antonios"]
[Result "1-0"]
[LiveChessVersion "1.4.8"]
[BlackElo "2552"]
[WhiteElo "2594"]

1. d4 {[%clk 1:30:56]} Nf6 {[%clk 1:30:53]} 2. c4 {[%clk 1:31:21]} e6
{[%clk 1:31:08]} 3. Nf3 {[%clk 1:31:44]} b6 {[%clk 1:31:28]} 4. g3
{[%clk 1:31:45]} Bb7 {[%clk 1:31:53]} 5. Bg2 {[%clk 1:31:53]} Be7
{[%clk 1:32:18]} 6. O-O {[%clk 1:32:00]} O-O {[%clk 1:32:44]} 7. Re1
{[%clk 1:31:57]} c5 {[%clk 1:33:00]} 8. d5 {[%clk 1:31:39]} exd5 {[%clk 1:33:26]}
9. Nh4 {[%clk 1:32:01]} Ne4 {[%clk 1:33:51]} 10. cxd5 {[%clk 1:32:01]} Bxh4
{[%clk 1:34:16]} 11. Bxe4 {[%clk 1:32:25]} Bf6 {[%clk 1:34:39]} 12. Nc3
{[%clk 1:31:50]} d6 {[%clk 1:34:49]} 13. Qc2 {[%clk 1:31:11]} h6 {[%clk 1:35:13]}
14. Bf4 {[%clk 1:30:56]} Re8 {[%clk 1:34:40]} 15. Bg2 {[%clk 1:26:57]} Na6
{[%clk 1:19:07]} 16. Rad1 {[%clk 1:16:36]} Qd7 {[%clk 0:53:31]} 17. h4
{[%clk 1:12:50]} Be5 {[%clk 0:40:00]} 18. Bxe5 {[%clk 0:58:34]} Rxe5
{[%clk 0:40:27]} 19. e4 {[%clk 0:58:05]} Nb4 {[%clk 0:39:13]} 20. Qd2
{[%clk 0:55:28]} c4 {[%clk 0:36:39]} 21. Re3 {[%clk 0:53:32]} Nd3
{[%clk 0:30:05]} 22. Bf1 {[%clk 0:45:50]} Ba6 {[%clk 0:30:03]} 23. b3
{[%clk 0:44:55]} Re7 {[%clk 0:27:06]} 24. f4 {[%clk 0:38:53]} b5 {[%clk 0:27:32]}
25. Bxd3 {[%clk 0:36:22]} cxd3 {[%clk 0:28:00]} 26. b4 {[%clk 0:35:32]} Rc8
{[%clk 0:28:03]} 27. Qxd3 {[%clk 0:33:46]} Rc4 {[%clk 0:24:45]} 28. a3
{[%clk 0:32:20]} Bb7 {[%clk 0:22:32]} 29. Rde1 {[%clk 0:26:27]} a6
{[%clk 0:21:08]} 30. Ne2 {[%clk 0:23:48]} Re8 {[%clk 0:11:43]} 31. Nd4
{[%clk 0:22:50]} Rec8 {[%clk 0:11:57]} 32. Kh2 {[%clk 0:19:51]} Re8
{[%clk 0:07:52]} 33. Nf5 {[%clk 0:17:53]} Bc8 {[%clk 0:06:48]} 34. g4
{[%clk 0:18:07]} Qc7 {[%clk 0:02:15]} 35. R1e2 {[%clk 0:15:56]} Bxf5
{[%clk 0:01:07]} 36. exf5 {[%clk 0:09:47]} Rf8 {[%clk 0:01:35]} 37. Re8
{[%clk 0:07:49]} Qb6 {[%clk 0:01:57]} 38. R8e4 {[%clk 0:04:34]} Rc1
{[%clk 0:00:47]} 39. R2e3 {[%clk 0:03:22]} Qd8 {[%clk 0:00:38]} 40. g5
{[%clk 0:33:42]} Qc8 {[%clk 0:30:42]} 41. Re7 {[%clk 0:31:05]} Ra1
{[%clk 0:24:14]} 42. Re1 {[%clk 0:22:08]} Rxe1 {[%clk 0:21:39]} 43. Rxe1
{[%clk 0:22:34]} Re8 {[%clk 0:15:38]} 44. Re4 {[%clk 0:22:59]} Kf8
{[%clk 0:10:58]} 45. gxh6 {[%clk 0:17:30]} gxh6 {[%clk 0:11:14]} 46. f6
{[%clk 0:17:57]} Qd8 {[%clk 0:01:33]} 47. Rxe8+ {[%clk 0:17:32]} Qxe8
{[%clk 0:02:01]} 48. Qc2 {[%clk 0:17:21]} h5 {[%clk 0:01:55]} 49. Qg2
{[%clk 0:17:12]} Qe1 {[%clk 0:01:41]} 50. Qg7+ {[%clk 0:16:28]} Ke8
{[%clk 0:02:10]} 51. Qg8+ {[%clk 0:16:52]} Kd7 {[%clk 0:02:38]} 52. Qxf7+
{[%clk 0:17:17]} Kd8 {[%clk 0:03:06]} 53. Qxh5 {[%clk 0:12:43]} Qf2+
{[%clk 0:03:33]} 54. Kh3 {[%clk 0:13:09]} Qf1+ {[%clk 0:04:00]} 55. Kg4
{[%clk 0:13:00]} Qg2+ {[%clk 0:04:29]} 56. Kf5 {[%clk 0:13:22]} Qxd5+
{[%clk 0:04:56]} 57. Kg6 {[%clk 0:13:43]} Qg8+ {[%clk 0:04:15]} 58. Kh6
{[%clk 0:14:07]} Qf8+ {[%clk 0:04:41]} 59. Kg5 {[%clk 0:14:28]} d5
{[%clk 0:04:39]} 60. Qh7 {[%clk 0:13:41]} d4 {[%clk 0:04:47]} 61. Qe7+
{[%clk 0:13:23]} Qxe7 {[%clk 0:05:12]} 62. fxe7+ {[%clk 0:13:50]} Kxe7
{[%clk 0:05:40]} 63. Kg4 {[%clk 0:14:14]} Ke6 {[%clk 0:05:06]} 64. Kf3
{[%clk 0:14:17]} Kd5 {[%clk 0:05:28]} 65. h5 {[%clk 0:13:57]} 1-0

[Event "World Chess Olympiad 2018"]
[Site "Batumi"]
[Date "2018.10.05"]
[Round "11"]
[Board "1"]
[WhiteFideId "13601520"]
[White "Jobava Baadur"]
[BlackFideId "2285525"]
[Black "Anton Guijarro David"]
[Result "1/2-1/2"]
[LiveChessVersion "1.4.8"]
[BlackElo "2639"]
[WhiteElo "2634"]

1. d4 {[%clk 1:30:58]} Nf6 {[%clk 1:29:54]} 2. c4 {[%clk 1:31:20]} e6
{[%clk 1:29:52]} 3. Nf3 {[%clk 1:31:45]} d5 {[%clk 1:30:08]} 4. Nc3
{[%clk 1:32:09]} dxc4 {[%clk 1:30:06]} 5. e3 {[%clk 1:31:59]} a6 {[%clk 1:29:44]}
6. Bxc4 {[%clk 1:32:21]} b5 {[%clk 1:28:33]} 7. Be2 {[%clk 1:32:20]} Bb7
{[%clk 1:27:14]} 8. O-O {[%clk 1:26:18]} Nbd7 {[%clk 1:26:41]} 9. b3
{[%clk 1:26:25]} Bd6 {[%clk 1:25:01]} 10. Bb2 {[%clk 1:26:45]} O-O
{[%clk 1:24:02]} 11. Qc2 {[%clk 1:24:55]} Rc8 {[%clk 1:20:24]} 12. Rad1
{[%clk 1:20:49]} Qe7 {[%clk 1:16:17]} 13. Ng5 {[%clk 1:12:25]} h6
{[%clk 1:02:58]} 14. Nge4 {[%clk 1:08:53]} Nxe4 {[%clk 0:58:33]} 15. Nxe4
{[%clk 1:09:16]} Bxh2+ {[%clk 0:57:35]} 16. Kxh2 {[%clk 1:09:40]} Qh4+
{[%clk 0:57:58]} 17. Kg1 {[%clk 1:10:08]} Bxe4 {[%clk 0:56:17]} 18. Qc3
{[%clk 1:06:49]} Nf6 {[%clk 0:54:46]} 19. f3 {[%clk 1:06:34]} Bb7
{[%clk 0:54:53]} 20. d5 {[%clk 0:44:59]} exd5 {[%clk 0:49:23]} 21. Rd4
{[%clk 0:39:50]} Qg5 {[%clk 0:47:38]} 22. b4 {[%clk 0:37:51]} Rfe8
{[%clk 0:45:36]} 23. f4 {[%clk 0:32:43]} Qg6 {[%clk 0:44:18]} 24. Bd3
{[%clk 0:29:52]} Qg4 {[%clk 0:40:39]} 25. Rf3 {[%clk 0:24:50]} Ne4
{[%clk 0:38:55]} 26. Bxe4 {[%clk 0:24:32]} Rxe4 {[%clk 0:34:26]} 27. Kf2
{[%clk 0:23:50]} f6 {[%clk 0:29:35]} 28. Rg3 {[%clk 0:23:23]} Qd7
{[%clk 0:21:09]} 29. Rxe4 {[%clk 0:18:12]} dxe4 {[%clk 0:21:32]} 30. Qxf6
{[%clk 0:18:40]} Qd2+ {[%clk 0:21:51]} 31. Kf1 {[%clk 0:19:09]} Qd1+
{[%clk 0:22:10]} 32. Kf2 {[%clk 0:19:36]} 1/2-1/2

[Event "World Chess Olympiad 2018"]
[Site "Batumi"]
[Date "2018.10.05"]
[Round "11"]
[Board "2"]
[WhiteFideId "2210622"]
[White "Perez Candelario Manuel"]
[BlackFideId "13600966"]
[Black "Mchedlishvili Mikheil"]
[Result "1/2-1/2"]
[LiveChessVersion "1.4.8"]
[BlackElo "2607"]
[WhiteElo "2590"]

1. e4 {[%clk 1:30:57]} c6 {[%clk 1:30:47]} 2. d4 {[%clk 1:31:23]} d5
{[%clk 1:31:06]} 3. e5 {[%clk 1:31:50]} Bf5 {[%clk 1:31:00]} 4. Nd2
{[%clk 1:32:13]} e6 {[%clk 1:30:25]} 5. Nb3 {[%clk 1:32:39]} Nd7 {[%clk 1:29:48]}
6. Nf3 {[%clk 1:32:28]} Ne7 {[%clk 1:29:01]} 7. Be2 {[%clk 1:32:26]} Nc8
{[%clk 1:28:19]} 8. O-O {[%clk 1:32:06]} Be7 {[%clk 1:28:12]} 9. a4
{[%clk 1:27:26]} O-O {[%clk 1:27:39]} 10. a5 {[%clk 1:27:02]} a6 {[%clk 1:27:07]}
11. Be3 {[%clk 1:25:54]} Na7 {[%clk 1:25:21]} 12. Ne1 {[%clk 1:16:16]} c5
{[%clk 1:18:25]} 13. Nxc5 {[%clk 1:09:35]} Nxc5 {[%clk 1:10:58]} 14. dxc5
{[%clk 1:08:12]} Nc6 {[%clk 1:10:35]} 15. Ra4 {[%clk 1:01:17]} Nxa5
{[%clk 1:02:29]} 16. Bd3 {[%clk 0:59:45]} Bg6 {[%clk 0:55:35]} 17. Qg4
{[%clk 0:52:06]} Nc4 {[%clk 0:37:31]} 18. Bxc4 {[%clk 0:47:49]} dxc4
{[%clk 0:37:53]} 19. Rxc4 {[%clk 0:45:58]} Qd5 {[%clk 0:28:43]} 20. Nf3
{[%clk 0:44:56]} Rfc8 {[%clk 0:28:24]} 21. Rd4 {[%clk 0:34:44]} Qc6
{[%clk 0:24:24]} 22. h4 {[%clk 0:29:32]} h5 {[%clk 0:20:38]} 23. Qf4
{[%clk 0:25:39]} Bxc5 {[%clk 0:20:06]} 24. Rd2 {[%clk 0:25:41]} Be7
{[%clk 0:18:48]} 25. c3 {[%clk 0:24:52]} Rd8 {[%clk 0:18:01]} 26. Rfd1
{[%clk 0:24:26]} Qc7 {[%clk 0:14:35]} 27. Bd4 {[%clk 0:21:39]} Qc6
{[%clk 0:13:48]} 28. Ng5 {[%clk 0:21:12]} b5 {[%clk 0:13:23]} 29. f3
{[%clk 0:14:46]} b4 {[%clk 0:13:36]} 30. Kh2 {[%clk 0:12:13]} bxc3
{[%clk 0:10:49]} 31. Bxc3 {[%clk 0:12:35]} Rxd2 {[%clk 0:08:41]} 32. Qxd2
{[%clk 0:11:13]} Qc4 {[%clk 0:07:39]} 33. Qd4 {[%clk 0:10:54]} Rc8
{[%clk 0:07:27]} 34. Qxc4 {[%clk 0:09:44]} Rxc4 {[%clk 0:07:50]} 35. Kg3
{[%clk 0:08:16]} Rc7 {[%clk 0:03:46]} 36. Rd4 {[%clk 0:07:54]} Bf5
{[%clk 0:02:33]} 1/2-1/2

[Event "World Chess Olympiad 2018"]
[Site "Batumi"]
[Date "2018.10.05"]
[Round "11"]
[Board "3"]
[WhiteFideId "2905540"]
[White "Cheparinov Ivan"]
[BlackFideId "2212943"]
[Black "Lopez Martinez Josep Manuel"]
[Result "1/2-1/2"]
[LiveChessVersion "1.4.8"]
[BlackElo "2581"]
[WhiteElo "2715"]

1. e4 {[%clk 1:30:57]} e6 {[%clk 1:30:52]} 2. d4 {[%clk 1:31:24]} d5
{[%clk 1:31:15]} 3. Nd2 {[%clk 1:31:51]} Nf6 {[%clk 1:31:35]} 4. e5
{[%clk 1:32:14]} Nfd7 {[%clk 1:31:57]} 5. Bd3 {[%clk 1:29:50]} c5
{[%clk 1:29:46]} 6. c3 {[%clk 1:30:17]} b6 {[%clk 1:26:33]} 7. Ne2
{[%clk 1:27:11]} Ba6 {[%clk 1:26:40]} 8. Bxa6 {[%clk 1:26:32]} Nxa6
{[%clk 1:26:31]} 9. Nf3 {[%clk 1:26:41]} Nc7 {[%clk 1:23:08]} 10. h4
{[%clk 1:25:53]} Nb8 {[%clk 1:20:00]} 11. Nf4 {[%clk 1:22:29]} Nc6
{[%clk 1:19:16]} 12. Kf1 {[%clk 1:16:57]} Qd7 {[%clk 1:17:10]} 13. g3
{[%clk 1:14:56]} f6 {[%clk 1:09:40]} 14. Kg2 {[%clk 1:09:29]} O-O-O
{[%clk 1:06:15]} 15. Qe2 {[%clk 1:08:37]} Be7 {[%clk 0:56:40]} 16. Re1
{[%clk 1:07:56]} Rhe8 {[%clk 0:48:14]} 17. Nh5 {[%clk 1:02:52]} fxe5
{[%clk 0:48:18]} 18. Nxe5 {[%clk 1:02:41]} Nxe5 {[%clk 0:48:29]} 19. Qxe5
{[%clk 1:02:38]} g6 {[%clk 0:48:33]} 20. Nf6 {[%clk 0:55:54]} Bxf6
{[%clk 0:46:09]} 21. Qxf6 {[%clk 0:56:19]} Rf8 {[%clk 0:46:25]} 22. Qe5
{[%clk 0:56:18]} Rf5 {[%clk 0:46:15]} 23. Qe2 {[%clk 0:56:43]} Rdf8
{[%clk 0:45:29]} 24. f4 {[%clk 0:50:50]} e5 {[%clk 0:35:27]} 25. dxe5
{[%clk 0:49:52]} Ne6 {[%clk 0:35:48]} 26. a4 {[%clk 0:47:38]} h6 {[%clk 0:21:42]}
27. Qa6+ {[%clk 0:46:27]} Kd8 {[%clk 0:21:17]} 28. a5 {[%clk 0:38:12]} Rxf4
{[%clk 0:18:49]} 29. axb6 {[%clk 0:29:56]} Rf2+ {[%clk 0:18:29]} 30. Kg1
{[%clk 0:30:09]} R2f3 {[%clk 0:06:53]} 31. bxa7 {[%clk 0:28:50]} Rxg3+
{[%clk 0:07:12]} 32. Kh2 {[%clk 0:29:16]} Rh3+ {[%clk 0:07:32]} 33. Kg1
{[%clk 0:29:44]} Rg3+ 1/2-1/2